MARC

LEADER 00000nam0a2200000 4500
001 338044
005 20231102005018.0
035 |a (RuTPU)RU\TPU\book\364532 
090 |a 338044 
100 |a 20171117d1966 km y0rusy50 ca 
101 0 |a rus 
102 |a RU 
105 |a a z 001zy 
200 1 |a Новые материалы для судостроения  |h [Ч. 1}  |f Л. Я. Попилов  |g под ред. В. В. Мещерякова 
210 |a Ленинград  |c Судостроение  |d 1966 
215 |a 541 с.  |c ил. 
320 |a Библиогр.: с. 526-536 
606 1 |a Судостроительные материалы  |2 stltpush  |3 (RuTPU)RU\TPU\subj\58241  |9 76048 
610 1 |a стали 
610 1 |a сплавы 
610 1 |a никель 
610 1 |a хром 
610 1 |a чугун 
610 1 |a медь 
610 1 |a легкие металлы 
610 1 |a редкие металлы 
610 1 |a тугоплавкие металлы 
610 1 |a плакированные металлы 
610 1 |a металлы особых форм 
610 1 |a порошковые технологии 
610 1 |a минеральные материалы 
610 1 |a стекло 
675 |a 629.12.002  |v 4 
700 1 |a Попилов  |b Л. Я.  |g Лев Яковлевич 
702 1 |a Мещеряков  |b В. В.  |4 340 
801 1 |a RU  |b 63413507  |c 20171117 
801 2 |a RU  |b 63413507  |c 20220921  |g RCR 
942 |c BK